00427nam a22001577a 450000500170000000800410001702000150005802200130007304100130008608200120009910000130011124500400012426000460016430000330021065000260024320240920094753.0240702b |||||||| |||| 00| 0 eng d a0702165794 a03764605 aEnglish  a349 ANN lEnglish  aAnnual Survey of South African Law  aCape Town: bJuta and Company Ltd, c2002 blviii, 1039 pages; c23 cm.  aLegal practice bLaw